Стратиграфия нижнего палеозоя Прибалтики и корреляция с другими регионами

Bibliografiske detaljer
Andre forfattere: Григялис А. А. (редактор)
Sprog:russisk
Udgivet: Вильнус, Минтис, 1968
Fag:
Format: Bog
KOHA link:https://koha.lib.tpu.ru/cgi-bin/koha/opac-detail.pl?biblionumber=154218

MARC

LEADER 00000nam0a2200000 4500
001 154218
005 20231031151808.0
035 |a (RuTPU)RU\TPU\book\167279 
090 |a 154218 
100 |a 20090224d1968 k y0rusy50 ca 
101 0 |a rus 
102 |a LT 
105 |a a z 001zy 
200 1 |a Стратиграфия нижнего палеозоя Прибалтики и корреляция с другими регионами  |f под ред. А. А. Григялиса 
210 |a Вильнус  |c Минтис  |d  1968 
215 |a 320 с.  |c ил. 
320 |a Библиогр. в конце ст. 
610 1 |a Прибалтика 
610 1 |a палеозой 
610 1 |a стратиграфия 
610 1 |a корреляция 
675 |a 551.73  |v 3 
702 1 |a Григялис  |b А. А.  |4 340 
801 1 |a RU  |b 63413507  |c 20090224  |g PSBO 
801 2 |a RU  |b 63413507  |c 20190430  |g RCR 
942 |c BK